000 00434nam a2200169Ia 4500
008 221030s9999 xx 000 0 und d
020 _a8120312635
041 _aEnglish
082 _a105.23
_bKot
100 _aD. P. Kothari
245 0 _aTheory & Problems of Basic Electrical engineering
_cby D. P. Kothari, I. J. Nagrath
260 _bPHI
_a2006
_c2000
300 _a510
650 _aEE
700 _aI. J. Nagrath
942 _cBK
999 _c2815
_d2815